Conceptual Physics/ (Record no. 1546)
[ view plain ]
| 000 -LEADER | |
|---|---|
| fixed length control field | 00500nam a22001577a 4500 |
| 005 - DATE AND TIME OF LATEST TRANSACTION | |
| control field | 20241125194448.0 |
| 008 - FIXED-LENGTH DATA ELEMENTS--GENERAL INFORMATION | |
| fixed length control field | 241125b |||||||| |||| 00| 0 eng d |
| 020 ## - INTERNATIONAL STANDARD BOOK NUMBER | |
| International Standard Book Number | 9780201466973 |
| 050 ## - LIBRARY OF CONGRESS CALL NUMBER | |
| Classification number | QC23.2 |
| Item number | .H488 |
| 100 ## - MAIN ENTRY--PERSONAL NAME | |
| Personal name | Hewitt, Paul G. |
| 245 ## - TITLE STATEMENT | |
| Title | Conceptual Physics/ |
| Remainder of title | the high school physics program |
| Statement of responsibility, etc. | Paul G. Hewitt |
| 250 ## - EDITION STATEMENT | |
| Edition statement | 3rd ed. |
| 260 ## - PUBLICATION, DISTRIBUTION, ETC. | |
| Place of publication, distribution, etc. | Menlo Park, California |
| Name of publisher, distributor, etc. | Addison-Wesley Publishing Company |
| Date of publication, distribution, etc. | 1997 |
| 300 ## - PHYSICAL DESCRIPTION | |
| Extent | xi.692p. |
| Other physical details | ill. some color |
| Dimensions | 26cm |
| 942 ## - ADDED ENTRY ELEMENTS (KOHA) | |
| Source of classification or shelving scheme | Library of Congress Classification |
| Koha item type | Books |
| Edition | 3rd ed. |
| Suppress in OPAC | No |
| 999 ## - | |
| -- | 1546 |
| -- | 1546 |
| Withdrawn status | Lost status | Source of classification or shelving scheme | Damaged status | Not for loan | Collection | Home library | Current library | Shelving location | Date acquired | Total checkouts | Full call number | Barcode | Date last seen | Copy number | Price effective from | Koha item type |
|---|---|---|---|---|---|---|---|---|---|---|---|---|---|---|---|---|
| Library of Congress Classification | Non-fiction | Science Library (Miotso) | Science Library (Miotso) | General stacks | 11/25/2024 | QC23.2 .H488 HEW | SLM00000843 | 11/25/2024 | 1 | 11/25/2024 | Books | |||||
| Library of Congress Classification | Non-fiction | Science Library (Miotso) | Science Library (Miotso) | General stacks | 11/25/2024 | QC23.2 .H488 HEW | SLM00000859 | 11/25/2024 | 2 | 11/25/2024 | Books | |||||
| Library of Congress Classification | Non-fiction | Science Library (Miotso) | Science Library (Miotso) | General stacks | 11/25/2024 | QC23.2 .H488 HEW | SLM00000860 | 11/25/2024 | 3 | 11/25/2024 | Books | |||||
| Library of Congress Classification | Non-fiction | Science Library (Miotso) | Science Library (Miotso) | General stacks | 11/25/2024 | QC23.2 .H488 HEW | SLM00000861 | 11/25/2024 | 4 | 11/25/2024 | Books | |||||
| Library of Congress Classification | Non-fiction | Science Library (Miotso) | Science Library (Miotso) | General stacks | 11/25/2024 | QC23.2 .H488 HEW | SLM00000862 | 11/25/2024 | 5 | 11/25/2024 | Books | |||||
| Library of Congress Classification | Non-fiction | Science Library (Miotso) | Science Library (Miotso) | General stacks | 11/25/2024 | QC23.2 .H488 HEW | SLM00000863 | 11/25/2024 | 6 | 11/25/2024 | Books |